Latin: Unit 14 - Common Latin Adverbs (REVIEW) Quiz Stats

 Plays Quiz not verified by Sporcle

Challenge
Share
Tweet
Embed
Score 0/22 Timer 04:00
0 Plays Today
English definition Latin adverb % Correct
todayhodie
86.8%
tomorrowcras
84.9%
quicklyceleriter
82.6%
not, by no means, nonon
81.9%
now, alreadyiam
81.1%
alwayssemper
79.4%
yesterdayheri
75.4%
soonmox
75.2%
slowlylente
74.4%
oftensaepe
73.9%
now, at presentnunc
73.4%
English definition Latin adverb % Correct
sudenly, unexpectedlysubito
73.4%
at length, finally, at lasttandem
72.5%
immediatelystatim
72.2%
How...!Quam...!
71%
nevernumquam
68.2%
no longer (2 WORDS)non iam
65.8%
and so, accordinglyitaque
65.5%
one day, once, once upon a timeolim
64.5%
againiterum
61%
afterwardspostea
55.8%
also, tooquoque
55.3%

You're not logged in!

Compare scores with friends on all Sporcle quizzes.
Join for Free
OR
Log In

You Might Also Like...

Show Comments

Extras

Top Quizzes Today


Score Distribution

Your Account Isn't Verified!

In order to create a playlist on Sporcle, you need to verify the email address you used during registration. Go to your Sporcle Settings to finish the process.

Report this User

Report this user for behavior that violates our Community Guidelines.

Details: